Modelos de desempeño en pavimentos rígidos
Guardat en:
| Autor principal: | |
|---|---|
| Format: | Llibre |
| Idioma: | Spanish |
| Publicat: |
[San José], Costa Rica
2016
|
| Matèries: | |
| Etiquetes: |
Afegir etiqueta
Sense etiquetes, Sigues el primer a etiquetar aquest registre!
|
MARC
| LEADER | 00000nam a22000007a 4500 | ||
|---|---|---|---|
| 003 | 012359 | ||
| 005 | 20221231144106.0 | ||
| 008 | 160530b2016 cr a|||| |||| 00| ||spa d | ||
| 040 | |c cru CEDI | ||
| 090 | |a TFG 7519 | ||
| 100 | |9 4748 |a Miranda Villegas, José Mauricio | ||
| 245 | |a Modelos de desempeño en pavimentos rígidos | ||
| 260 | |a [San José], Costa Rica |c 2016 | ||
| 300 | |a 13,114.[13] hojas; ilustraciones a color .- 43 referencias | ||
| 500 | |a Proyecto de graduación (licenciatura en ingeniería civil)--Universidad de Costa Rica. Facultad de Ingeniería. Escuela de Ingeniería Civil | ||
| 650 | |x PAVIMENTOS DE ASFALTO |x PAVIMENTOS DE HORMIGON |x PAVIMENTOS DE HORMIGON - DISEÑO Y CONSTRUCCION - METODOS ESTADISTICOS |x PAVIMENTOS DE HORMIGON - DISEÑO Y CONSTRUCCION - PROGRAMAS PARA COMPUTADORA |x LOSAS DE PAVIMENTOS |x PAVIMENTOS - ANALISIS |x REDES NEURALES (COMPUTADORAS) |9 4749 | ||
| 942 | |c TFG | ||
| 999 | |c 16767 |d 16767 | ||
